Observation of pupils and teachers in mainstream and special education settings: alternative strategies /

Guardat en:
Dades bibliogràfiques
Autor principal: Weinberg, Richard A. (ed.)
Altres autors: Wood, Frank H. (edición) (edición)
Format: Llibre
Idioma:anglès
Col·lecció:(Leadership Training Institute. Special Education)
Matèries:
Etiquetes: Afegir etiqueta
Sense etiquetes, Sigues el primer a etiquetar aquest registre!

MARC

LEADER 00000nam^a2200000^a^4500
001 000040021
005 20250521000000.0
009 20260310085604.512
037 |a Acervo ITESO - Biblioteca 
041 |a ING 
082 |a 370. 78  |b WEI 
100 |a Weinberg, Richard A.  |e (ed.) 
245 1 0 |a Observation of pupils and teachers in mainstream and special education settings: alternative strategies /  |c Ed. de R.A. Weinberg, F.H. Woods. 
264 |a Minneápolis, EUA :  |b University of Minnesota,  |c 1975 
300 |a 281 p. 
336 |a texto  |b txt  |2 rdacontenido 
337 |a sin mediación  |b n  |2 rdamedio 
338 |a volumen  |b nc  |2 rdasoporte 
440 1 |a (Leadership Training Institute.  |p Special Education) 
649 |a XX 
650 |a Educación 
650 |a Metodología Educativa 
650 |a Observación (Método Educativo) 
700 |a Wood, Frank H.  |e (edición) 
910 |a Fondo General 
920 |a Impresos - Libros 
930 |a Colección General 
905 |a 101 
901 |a 0400210100  |b IT1  |c ACC  |i 040021  |u 20250521 
902 |a https://opac.biblio.iteso.mx/vufind/Record/000040021